000 00707nam a2200241Ia 4500
003 GCL
008 140319s9999 xx 000 0 ara d
040 _aGCL /
_cGCL
082 0 4 _aق
_b932
_bح م
100 1 _aحسن سعد الله
245 1 0 _aمن اسرار الفراعنة /
_cحسن سعد الله
260 _a[S.N] :
_bمكتبة مدبولى ،
_c1993
300 _a154 ص
490 _a
650 0 4 _aمصر
650 0 4 _aتاريخ
650 0 4 _aالطب عند العرب
650 0 4 _aالحضارة الفرعونية
650 0 4 _aعلم المصريات
650 0 4 _aالعلوم عند الفراعنة
650 0 4 _aالطب عند الفراعنة
942 _2ddc
_cBK
999 _c52888
_d52888